000
00327nam a2200133Ia 4500
005
20251222144908.0
008
251222s9999||||xx |||||||||||||| ||spa||
020
_a
84-206-4172-3
082
_a
371.42/M26
100
_a
Martín, Xus
245
0
_a
Tutoría: Técnicas, Recursos y Actividades
264
_b
Alianza
942
_c
LIB
999
_c
22246
_d
22246